| 000 | 00672 a2200241 4500 | ||
|---|---|---|---|
| 001 | 75008 | ||
| 003 | TR-AnTOB | ||
| 005 | 20240524133712.0 | ||
| 008 | 110619s2008 tu 000 0 | ||
| 040 |
_aTR-AnTOB _cTR-AnTOB |
||
| 041 | 0 | _aeng | |
| 050 | 0 |
_aDS247.A18. _bA28 2008 |
|
| 090 | _aDS247.A18. A28 2008 | ||
| 245 | 4 |
_aThe Abu Dhabi : _bEconomic Vision 2030. |
|
| 264 | 1 |
_a[Place of publication not identified] : _b[publisher not identified], _c2008. |
|
| 300 |
_a142 s. _bgrf. |
||
| 651 |
_aAbū Ẓaby (United Arab Emirates) _xEconomic conditions _955247 |
||
| 902 | _a0029594 | ||
| 903 | _aMerkez Kütüphane | ||
| 942 |
_cBK _2lcc |
||
| 945 | _aZŞ | ||
| 999 |
_c75008 _d36091 |
||